000
00249nam a22000977a 4500
008
240404b |||||||| |||| 00| 0 eng d
020
_a
9788172234980
100
_a
Coelho Paulo
_9
7754
245
_a
The Alchemist
260
_a
London
_b
Harper Collins
_c
2022
999
_c
12547
_d
12547